000 00408nam a22001697a 4500
003 NUST - PNEC
005 20170116181127.0
008 151006b xxu||||| |||| 00| 0 eng d
020 _a-
040 _cLIBRARY
082 _a796.334 INS
245 _aK.T.G - Coach yourself series : Inside Forward, an F.A book
_c-
250 _a-
260 _c-
650 _913733
_aGames
_xGeneral
942 _2ddc
_cBK
999 _c69792
_d69792